Pretty Girl - Clairo (Lyrics) - Statistics

General Stats
  • This quiz has been taken 21 times
  • The average score is 138 of 172
Answer Stats
Answer % Correct
a
100%
be
100%
girl
100%
i
100%
pretty
100%
you
100%
could
95%
for
95%
me
95%
wear
95%
and
90%
in
90%
to
90%
i'll
85%
my
85%
skirt
85%
up
85%
want
85%
when
85%
it
75%
shut
75%
too
75%
about
70%
it's
70%
room
70%
was
70%
getting
65%
lose
65%
myself
65%
think
65%
felt
60%
hands
60%
harder
60%
how
60%
i'd
60%
make
60%
of
60%
polaroid
60%
remember
60%
understand
60%
blue
55%
dancing
55%
noon
55%
so
55%
blinded
50%
by
50%
now
50%
fool
45%
never
45%
such
45%
your
45%
'bout
40%
i'm
40%
just
40%
the
40%
won't
40%
cry
35%
ever
35%
that
35%
thinkin'
35%
all
30%
don't
30%
but
25%
need
25%
negativity
25%
alone
20%
better
20%
No matching quizzes found
Score Distribution
Percent of People with Each Score
Percentile by Number Answered
Your Score History
You have not taken this quiz